Základy ekonómie a ekonomiky

Enregistré dans:
Détails bibliographiques
Auteur principal: Hontyová, Kajetána
Collectivité auteur: Ekonomická univerzita v Bratislave
Autres auteurs: Lisý, Ján, Majdúchová, Helena, 1963-, Korčmároš, Ján, Neumannová, Anna
Format: Livre
Langue:slovaque
Publié: Bratislava Vydavateľstvo EKONÓM 2013
Édition:9. aktualiz. a preprac. vyd.
Sujets:
Tags: Ajouter un tag
Pas de tags, Soyez le premier à ajouter un tag!

MARC

LEADER 00000nam a2200000 4500
001 0166160
005 20240502072909.3
020 |a 978-80-225-3587-8 
041 0 |a slo 
044 |a SK 
245 1 0 |a Základy ekonómie a ekonomiky  |c Kajetana Hontyová, Ján Lisý, Helena Majdúchová ; recenzenti: Ján Korčmároš, Anna Neumannová 
250 |a 9. aktualiz. a preprac. vyd. 
264 1 |a Bratislava  |b Vydavateľstvo EKONÓM  |c 2013 
300 |a 198 s. [10,74 AH] 
610 2 0 |a ekonómia 
610 2 0 |a veda ekonomická 
610 2 0 |a myslenie ekonomické 
610 2 0 |a vývoj 
610 2 0 |a trh 
610 2 0 |a hospodárstvo trhové 
610 2 0 |a podnik 
610 2 0 |a podnikanie 
610 2 0 |a faktory výrobné 
610 2 0 |a makroekonomika 
610 2 0 |a peniaze 
610 2 0 |a inflácia 
610 2 0 |a nezamestnanosť 
610 2 0 |a štát 
610 2 0 |a politika fiškálna 
610 2 0 |a integrácia ekonomická medzinárodná 
610 2 0 |a globalizácia 
100 1 |a Hontyová, Kajetána 
700 1 |a Lisý, Ján 
700 1 |a Majdúchová, Helena, 1963- 
700 1 |a Korčmároš, Ján 
700 1 |a Neumannová, Anna 
710 2 |a Ekonomická univerzita v Bratislave